00437pab a2200145 454500008004000000100002400040245010900064260000900173300001400182362000800196650001400204700001700218700002200235773003400257180718b2005 xxu||||| |||| 00| 0 eng d aBrug, Wouter Vander aWhy some anti-immigrant parties fail and others succeed: a two-step model of aggregate electoral support c2005 ap.537-73. aJun aElections aTillie, Jean aFennema, Meindert aComparative Political Studies